| 000 | 00732nam a2200253 a 4500 | ||
|---|---|---|---|
| 001 | BRCA_5764 | ||
| 005 | 20190320205215.0 | ||
| 008 | 080311c1951----enka######---#000-0#eng-# | ||
| 041 | _aeng | ||
| 044 | _aenk | ||
| 050 | 4 |
_aNK1125 _b.R64 1951 |
|
| 100 | 1 |
_aRogers, Horace Mordaunt _914619 |
|
| 245 | 1 | 0 |
_aThe making of a connoisseur _cH. Mordaunt Rogers. |
| 260 |
_aLondres _bEstates Gazette _c1951 |
||
| 300 |
_a503 p. _bil. _c25 cm. |
||
| 500 | _aIncluye índice temático | ||
| 500 | _aEstado físico: Camisa deteriorada | ||
| 500 | _aG4 | ||
| 504 | _aBibliografía: p. 473-503 | ||
| 650 | 1 | 4 |
_aColeccionistas y colecciones _914620 |
| 650 | 1 | 4 |
_aArte _xColeccionistas y colecciones _97445 |
| 902 | _aGFM | ||
| 942 |
_2lcc _cB |
||
| 999 |
_c5453 _d5453 |
||